00646nam a2200169Ia 4500001001800000003000900018008004100027040002300068041001100091100003600102245011900138250001500257260004600272300002500318490000900343501012400352230-BIL lo (4009)IT-MiSPE171229s9999||||xx |||||||||||||| ||und|| aIT-MiSPEcIT-MiSPE aLATINO aLouis Billot (Ludovicus Billot) 0a(IX) Tractatus de Ecclesia Christi: Sive continuatio theologiae de Verbo incarnatobII. De potestate ecclesiastica a1a ed. (v) aRomaebTyp. Pol. S.C. de Prop. Fidec1899 a172 p. [4 v.]c21 cm v 2° aEdizioni San Paolo srl - Piazza Soncino, 5 - 20092 CINISELLO BALSAMO (MI) (non commercial uses only) ® Copyright 2018